00831nam a2200241Ia 4500001000600000003000900006008004100015040001300056040001300069041001300082100002300095100002900118245003500147245003800182250001100220260001300231260002700244260004900271300005700320500014000377650004100517650003100558A2125IT-RoPAU130308s9999 xx 000 0 und d aIT-RoPAU cIT-RoPAU aFRANCESE aSalaun Jean-Michel gCodice Aut. SPICS: 17595 aAmenagement de la culture (L') bMedias et Communication En Europe a1a ed. aGRENOBLE bPresses Universitaires c1990 [1° Ed.:1990 - Ed.Ling.Originale:1990] a"18 p. (prefazione: no ; testo: 18 [pagine: 25-42])" aPiano di Sviluppo della Cultura. Democrazia Borghese. informatica e le Reti. Mercati. Come Organizzare I Media. Continuità e Rotture. aPOLITICA DELLA COMUNICAZIONE SOCIALE eCodice materia Spics: 3803